Mixed Word: Las Vegas Casinos Quiz Stats

 Plays Quiz Updated Jan 15, 2015

Also try: Las Vegas Casinos
Challenge
Share
Tweet
Embed
Score 0/22 Timer 07:00
0 Plays Today
Scrambled Casino Answer % Correct
NYNWWynn
95%
GMM DRANGMGM Grand
89.5%
OXRULLuxor
89.3%
AAIRAria
87.6%
SPMALPalms
86.5%
AAADLMNY ABYMandalay Bay
82.9%
NAPLET YOOWHLLODPlanet Hollywood
78.1%
SUCRIC IUSCCRCircus Circus
71.4%
NOIGLMFAFlamingo
71.1%
SCARSEA CAPALECaesar's Palace
69%
NAITNEEVVenetian
68%
Scrambled Casino Answer % Correct
REMGAIMirage
66.7%
DGLNEO TENGUGGolden Nugget
65.6%
SEERRUTA DISNLATreasure Island
62.7%
LAXRIBECUExcalibur
57.4%
HET QILNThe LINQ
55.1%
ZOPALZAPalazzo
54.6%
PORTIACANTropicana
36%
UOHST NPITO South Point
34.8%
IOINBNSBinion's
27.5%
PASSHEERTROTStratosphere
17.6%
AIOOOCLMNPSTCosmopolitan
14.7%

You're not logged in!

Compare scores with friends on all Sporcle quizzes.
OR
Log In

You Might Also Like...

Show Comments

Extras

Top Quizzes Today


Score Distribution

Your Account Isn't Verified!

In order to create a playlist on Sporcle, you need to verify the email address you used during registration. Go to your Sporcle Settings to finish the process.

Report this User

Report this user for behavior that violates our Community Guidelines.

Details: